Statistics for SNL Cast Members of the 21st Century

Click here to take the quiz!

General Stats

  • This quiz has been taken 16 times
  • The average score is 29 of 74

Answer Stats

Year(s)Cast Member% Correct
2003-presentKenan Thompson
92%
2005-2012Kristen Wiig
92%
2014-2022Pete Davidson
92%
2001-2008Amy Poehler
83%
2012-2022Cecily Strong
83%
2014-presentColin Jost
83%
2005-2012Andy Samberg
75%
2005-2013Bill Hader
75%
1998-2004Jimmy Fallon
75%
2001-2014Seth Meyers
75%
2000-2006Tina Fey
75%
2012-2022Aidy Bryant
67%
2019-presentBowen Yang
67%
2005-2013Jason Sudeikis
67%
2012-2022Kate McKinnon
67%
2014-2019Leslie Jones
67%
2000-2007Maya Rudolph
67%
2014-presentMichael Che
67%
1995-2002Will Ferrell
67%
2013-2022Kyle Mooney
50%
2016-2022Melissa Villaseñor
50%
2013-2021Beck Bennett
42%
2008-2017Bobby Moynihan
42%
2019-presentChloe Fineman
42%
1995-2009Darrell Hammond
42%
2017-presentHeidi Gardner
42%
2021-presentJames Austin Johnson
42%
2016-presentMikey Day
42%
2020-presentPunkie Johnson
42%
2021-presentSarah Sherman
42%
1996-2003Tracy Morgan
42%
1996-2002Ana Gasteyer
33%
2020-presentAndrew Dismukes
33%
2018-presentEgo Nwodim
33%
1998-2006Horatio Sanz
33%
2022-presentMichael Longfellow
33%
1995-2001Molly Shannon
33%
2010-2017Vanessa Bayer
33%
2002-2010Will Forte
33%
2008-2012Abby Elliott
25%
2016-2022Alex Moffat
25%
2008-2009Casey Wilson
25%
1995-2000Cheri Oteri
25%
1996-2003Chris Kattan
25%
1998-2006Chris Parnell
25%
2002-2013Fred Armisen
25%
2010-2016Jay Pharoah
25%
2009-2010Jenny Slate
25%
2022-presentMolly Kearney
25%
2009-2014Nasim Pedrad
25%
1999-2006Rachel Dratch
25%
2014-2017Sasheer Zamata
25%
2010-2016Taran Killam
25%
2013-2014Brooks Whelan
17%
2017-2022Chris Redd
17%
1996-2000Colin Quinn
17%
2022-presentDevon Walker
17%
2003-2006Finesse Mitchell
17%
2001-2004Jeff Richards
17%
2015-2016Jon Rudnitsky
17%
2020-2021Lauren Holt
17%
2017-2018Luke Null
17%
2022-presentMarcello Hernandez
17%
2008-2009Michaela Watkins
17%
2013-2014Noël Wells
17%
1991-2000Tim Meadows
17%
2021-2022Aristotle Athari
8%
2001-2003Dean Edwards
8%
2000-2001Jerry Minor
8%
2013-2014John Milhiser
8%
2013-2014Mike O'Brien
8%
2010-2012Paul Brittain
8%
2004-2005Rob Riggle
8%
2012-2013Tim Robinson
8%

Score Distribution

Percentile by Number Answered

Percent of People with Each Score

Your Score History

You have not taken this quiz